[Event "MPJ_D16"]
[Site "?"]
[Date "2016.03.14"]
[Round "2.6"]
[White "Frej, Zofia"]
[Black "Jurkiewicz, Zuzanna"]
[Result "1-0"]
[BlackElo "1632"]
[WhiteElo "1792"]
[LiveChessVersion "1.4.8"]

1. e4 d6 2. d4 g6 3. Nc3 Bg7 4. f4 Nf6 {[%clk 1:28:29]} 5. Nf3 {[%clk 1:30:58]}
O-O {[%clk 1:27:52]} 6. Bd3 {[%clk 1:29:51]} c6 {[%clk 1:22:47]} 7. O-O
{[%clk 1:27:57]} Nbd7 {[%clk 1:17:51]} 8. e5 {[%clk 1:20:59]} dxe5
{[%clk 1:12:43]} 9. fxe5 {[%clk 1:21:22]} Nd5 {[%clk 1:11:04]} 10. Nxd5
{[%clk 1:15:48]} cxd5 {[%clk 1:10:06]} 11. Qe2 {[%clk 1:02:12]} Qb6
{[%clk 1:02:50]} 12. c3 {[%clk 0:59:19]} Nb8 {[%clk 0:53:26]} 13. Bg5
{[%clk 0:54:44]} Nc6 {[%clk 0:49:25]} 14. Rae1 {[%clk 0:54:39]} Be6
{[%clk 0:45:53]} 15. Kh1 {[%clk 0:51:47]} Rac8 {[%clk 0:41:03]} 16. Qf2
{[%clk 0:46:54]} Rce8 {[%clk 0:27:42]} 17. Re2 {[%clk 0:40:48]} Qc7
{[%clk 0:20:50]} 18. Qh4 {[%clk 0:37:11]} f6 {[%clk 0:18:15]} 19. Bh6
{[%clk 0:33:34]} a6 {[%clk 0:16:24]} 20. Rfe1 {[%clk 0:32:03]} Qd7
{[%clk 0:15:21]} 21. Re3 {[%clk 0:23:30]} Nd8 {[%clk 0:11:48]} 22. Nd2
{[%clk 0:18:06]} b5 {[%clk 0:10:16]} 23. Rg3 {[%clk 0:17:46]} Bf7
{[%clk 0:05:53]} 24. Rh3 {[%clk 0:16:34]} Ne6 {[%clk 0:01:09]} 25. Bxg7
{[%clk 0:14:16]} Ng5 {[%clk 0:01:27]} 26. Bxf8 {[%clk 0:12:57]} Nxh3
{[%clk 0:01:25]} 27. Qxh3 {[%clk 0:12:34]} Qxh3 {[%clk 0:01:32]} 28. gxh3
{[%clk 0:12:57]} Kxf8 {[%clk 0:01:56]} 29. e6 {[%clk 0:12:36]} Bg8
{[%clk 0:02:10]} 30. Nb3 {[%clk 0:12:46]} Ra8 {[%clk 0:01:33]} 31. Nc5
{[%clk 0:13:10]} Kg7 {[%clk 0:01:43]} 32. a4 {[%clk 0:12:58]} bxa4
{[%clk 0:02:04]} 33. Bxa6 {[%clk 0:12:44]} Rb8 {[%clk 0:02:09]} 34. Nxa4
{[%clk 0:13:07]} f5 {[%clk 0:02:21]} 35. b4 {[%clk 0:13:08]} Kf6 {[%clk 0:02:11]}
36. Nc5 {[%clk 0:13:31]} Kg7 {[%clk 0:02:24]} 37. Re5 {[%clk 0:13:33]} Rb6
{[%clk 0:02:33]} 38. b5 {[%clk 0:13:57]} h6 {[%clk 0:02:35]} 39. Kg2
{[%clk 0:14:00]} Rd6 {[%clk 0:02:17]} 40. Bc8 {[%clk 0:14:12]} Bh7
{[%clk 0:01:56]} 41. Bd7 {[%clk 0:14:02]} g5 {[%clk 0:32:13]} 42. Bc6
{[%clk 0:44:14]} f4 {[%clk 0:32:30]} 43. Rxd5 {[%clk 0:44:13]} Rxd5
{[%clk 0:32:47]} 44. Bxd5 {[%clk 0:44:39]} 1-0

[Event "MPJ_D16"]
[Site "?"]
[Date "2016.03.14"]
[Round "2.7"]
[White "Gredka, Dominika"]
[Black "Wojcik, Jagoda"]
[Result "0-1"]
[BlackElo "1510"]
[WhiteElo "1690"]
[LiveChessVersion "1.4.8"]

1. e4 {[%clk 1:31:07]} c5 {[%clk 1:30:00]} 2. c3 {[%clk 1:29:20]} Nf6
{[%clk 1:29:13]} 3. e5 {[%clk 1:19:14]} Nd5 {[%clk 1:29:03]} 4. Bc4
{[%clk 1:18:45]} Nb6 {[%clk 1:24:05]} 5. Bb3 {[%clk 1:14:12]} d6 6. Nf3 Nc6
{[%clk 1:21:53]} 7. exd6 {[%clk 1:08:11]} exd6 {[%clk 1:21:28]} 8. O-O
{[%clk 1:08:26]} Bf5 {[%clk 1:19:37]} 9. d4 {[%clk 1:01:48]} c4 {[%clk 1:19:37]}
10. Qe2+ {[%clk 1:01:48]} Be6 {[%clk 1:19:37]} 11. d5 {[%clk 0:39:17]} Nxd5
{[%clk 1:14:06]} 12. Bxc4 {[%clk 0:39:42]} Be7 {[%clk 1:14:19]} 13. Re1
{[%clk 0:39:30]} O-O {[%clk 1:12:23]} 14. Rd1 {[%clk 0:30:25]} Nc7
{[%clk 1:05:50]} 15. Bf4 {[%clk 0:29:49]} Bxc4 {[%clk 1:02:13]} 16. Qxc4
{[%clk 0:30:18]} Ne6 {[%clk 1:02:15]} 17. Bg3 {[%clk 0:30:34]} Qc7
{[%clk 1:01:12]} 18. Na3 {[%clk 0:27:16]} Qb6 {[%clk 0:50:43]} 19. Qe2
{[%clk 0:26:38]} Qc5 {[%clk 0:46:53]} 20. Rd3 {[%clk 0:20:48]} a5
{[%clk 0:28:54]} 21. Rad1 {[%clk 0:20:32]} Qf5 {[%clk 0:24:00]} 22. Bxd6
{[%clk 0:15:17]} Bxd6 {[%clk 0:24:01]} 23. Rxd6 {[%clk 0:15:42]} Nf4
{[%clk 0:24:18]} 24. Qf1 {[%clk 0:15:01]} Rfe8 {[%clk 0:22:15]} 25. Re1
{[%clk 0:14:12]} Rxe1 {[%clk 0:22:06]} 26. Qxe1 {[%clk 0:14:24]} Qg4
{[%clk 0:21:44]} 27. Qf1 {[%clk 0:13:47]} Re8 {[%clk 0:20:43]} 28. Rd2
{[%clk 0:13:06]} h5 {[%clk 0:17:44]} 29. Nc2 {[%clk 0:10:39]} Qg6
{[%clk 0:10:31]} 30. Ne3 {[%clk 0:10:55]} Qe4 {[%clk 0:09:31]} 31. Qc4
{[%clk 0:09:47]} Nh3+ {[%clk 0:07:44]} 32. Kf1 {[%clk 0:09:57]} Nxf2
{[%clk 0:07:50]} 33. Rxf2 {[%clk 0:05:54]} Qxe3 {[%clk 0:08:14]} 34. Re2
{[%clk 0:06:07]} Qc1+ {[%clk 0:07:52]} 35. Kf2 {[%clk 0:06:33]} Rd8
{[%clk 0:07:58]} 36. Qb5 {[%clk 0:05:45]} Qf4 {[%clk 0:02:12]} 37. Qxh5
{[%clk 0:05:48]} Qc7 {[%clk 0:01:33]} 38. Qg5 {[%clk 0:04:35]} Qb6+
{[%clk 0:01:42]} 39. Qe3 {[%clk 0:04:58]} Qc7 {[%clk 0:01:36]} 40. g3
{[%clk 0:34:40]} Qd6 {[%clk 0:31:11]} 41. Ng5 {[%clk 0:32:40]} Qf6+
{[%clk 0:29:54]} 42. Kg2 {[%clk 0:33:00]} g6 {[%clk 0:29:51]} 43. Ne4
{[%clk 0:24:24]} Qf5 {[%clk 0:25:45]} 44. Rf2 {[%clk 0:23:58]} Qe5
{[%clk 0:24:44]} 45. Nf6+ {[%clk 0:20:38]} Kg7 {[%clk 0:24:52]} 46. Qf3
{[%clk 0:20:59]} Qe6 {[%clk 0:21:25]} 47. Ng4 {[%clk 0:14:35]} f5
{[%clk 0:19:39]} 48. Ne3 {[%clk 0:13:37]} Qd7 {[%clk 0:15:03]} 49. Qf4
{[%clk 0:12:32]} Qe6 {[%clk 0:11:16]} 50. b3 {[%clk 0:11:40]} Ne5
{[%clk 0:10:10]} 51. Qg5 {[%clk 0:11:25]} Rf8 {[%clk 0:08:32]} 52. c4
{[%clk 0:09:38]} Nd3 {[%clk 0:07:26]} 53. Rd2 {[%clk 0:01:48]} Qe4+
{[%clk 0:07:37]} 54. Kg1 {[%clk 0:01:19]} f4 55. Rxd3 {[%clk 0:01:44]} Qxd3
{[%clk 0:06:35]} 56. Qe7+ {[%clk 0:01:44]} Rf7 {[%clk 0:06:35]} 57. Qe5+
{[%clk 0:01:44]} Kh7 {[%clk 0:06:35]} 58. gxf4 {[%clk 0:01:32]} Qb1+
{[%clk 0:07:16]} 59. Kg2 {[%clk 0:01:45]} Qxa2+ {[%clk 0:07:01]} 60. Kg3
{[%clk 0:01:49]} Qxb3 {[%clk 0:05:27]} 61. Qe6 {[%clk 0:02:12]} Kg7
{[%clk 0:04:37]} 62. Qe5+ {[%clk 0:01:22]} Kf8 {[%clk 0:04:06]} 63. Qb8+
{[%clk 0:01:42]} Kg7 64. Qe5+ {[%clk 0:02:04]} Kh7 {[%clk 0:03:40]} 65. Qe6
{[%clk 0:01:51]} Rc7 66. Qh3+ {[%clk 0:02:17]} Kg7 {[%clk 0:02:48]} 67. Qe6
{[%clk 0:01:58]} Qc3 {[%clk 0:02:29]} 68. Kf2 {[%clk 0:01:07]} Rf7
{[%clk 0:02:07]} 69. Kg3 a4 0-1

[Event "MPJ_D16"]
[Site "?"]
[Date "2016.03.14"]
[Round "2.8"]
[White "Trusz, Julia"]
[Black "Borkowska, Zuzanna"]
[Result "1-0"]
[BlackElo "1465"]
[WhiteElo "1653"]
[LiveChessVersion "1.4.8"]

1. e4 {[%clk 1:31:19]} c5 {[%clk 1:31:20]} 2. Nf3 {[%clk 1:31:40]} Nc6
{[%clk 1:31:46]} 3. d4 cxd4 {[%clk 1:32:11]} 4. Nxd4 {[%clk 1:32:05]} g6 5. Nc3
{[%clk 1:32:25]} Bg7 {[%clk 1:32:36]} 6. Be3 {[%clk 1:32:48]} Nf6
{[%clk 1:33:23]} 7. Bc4 {[%clk 1:33:34]} O-O {[%clk 1:33:37]} 8. Bb3
{[%clk 1:33:50]} a5 {[%clk 1:27:02]} 9. f3 {[%clk 1:32:46]} d6 {[%clk 1:25:43]}
10. a4 {[%clk 1:30:18]} Nb4 {[%clk 1:24:43]} 11. O-O d5 {[%clk 1:23:53]} 12. e5
{[%clk 1:26:26]} Nd7 {[%clk 1:22:36]} 13. e6 {[%clk 1:20:03]} Nc5
{[%clk 1:22:14]} 14. exf7+ {[%clk 1:18:30]} Rxf7 {[%clk 1:21:21]} 15. f4
{[%clk 1:13:56]} Nxb3 {[%clk 1:14:13]} 16. cxb3 {[%clk 1:10:09]} Ra6
{[%clk 1:10:50]} 17. Qd2 {[%clk 1:05:40]} Raf6 {[%clk 1:08:08]} 18. Rac1
{[%clk 1:01:12]} Qf8 {[%clk 1:04:21]} 19. Nf3 {[%clk 0:56:16]} Rd6
{[%clk 1:03:34]} 20. Nb5 {[%clk 0:53:27]} Rc6 {[%clk 1:00:40]} 21. Ng5
{[%clk 0:47:11]} Rff6 {[%clk 0:57:09]} 22. Bc5 {[%clk 0:41:48]} h6 23. Nf3 Rxf4
{[%clk 0:52:07]} 24. Na7 {[%clk 0:39:03]} Rxc5 {[%clk 0:48:57]} 25. Rxc5
{[%clk 0:39:24]} Bd4+ {[%clk 0:49:20]} 26. Qxd4 {[%clk 0:39:33]} Rxd4
{[%clk 0:48:51]} 27. Nxd4 {[%clk 0:32:53]} Qg7 {[%clk 0:47:38]} 28. Rxc8+
{[%clk 0:33:12]} Kh7 {[%clk 0:48:05]} 29. Ne6 {[%clk 0:33:26]} 1-0

[Event "MPJ_D16"]
[Site "?"]
[Date "2016.03.14"]
[Round "2.9"]
[White "Stebel, Agata"]
[Black "Trybowska, Barbara"]
[Result "0-1"]
[BlackElo "1536"]
[WhiteElo "1856"]
[LiveChessVersion "1.4.8"]

1. d4 {[%clk 1:30:30]} d5 {[%clk 1:30:30]} 2. c4 {[%clk 1:30:30]} c6
{[%clk 1:30:30]} 3. Nc3 {[%clk 1:30:57]} Nf6 {[%clk 1:30:54]} 4. Nf3
{[%clk 1:31:58]} e6 {[%clk 1:31:57]} 5. Bg5 {[%clk 1:32:11]} Nbd7
{[%clk 1:31:32]} 6. cxd5 {[%clk 1:31:53]} cxd5 {[%clk 1:30:05]} 7. Rc1
{[%clk 1:31:22]} Be7 {[%clk 1:27:56]} 8. e3 {[%clk 1:28:39]} a6 {[%clk 1:23:54]}
9. Qa4 {[%clk 1:23:20]} O-O {[%clk 1:19:04]} 10. Bd3 {[%clk 1:20:11]} b5
{[%clk 1:11:06]} 11. Qd1 {[%clk 1:06:56]} Bb7 {[%clk 1:03:26]} 12. O-O
{[%clk 0:59:33]} Rc8 {[%clk 1:00:07]} 13. Ne2 {[%clk 0:45:38]} Nb6
{[%clk 0:51:29]} 14. Bb1 {[%clk 0:36:35]} Ne4 {[%clk 0:43:38]} 15. Bf4
{[%clk 0:34:15]} Bd6 {[%clk 0:42:51]} 16. Ne5 {[%clk 0:30:31]} Bxe5
{[%clk 0:39:20]} 17. Bxe5 {[%clk 0:26:02]} Nc4 {[%clk 0:35:01]} 18. b3
{[%clk 0:23:59]} Nxe5 {[%clk 0:34:01]} 19. dxe5 {[%clk 0:24:15]} f5
{[%clk 0:32:07]} 20. f3 {[%clk 0:21:30]} Nc5 {[%clk 0:29:28]} 21. Nd4
{[%clk 0:21:08]} Qb6 {[%clk 0:28:40]} 22. b4 {[%clk 0:18:20]} Nd7
{[%clk 0:28:51]} 23. f4 {[%clk 0:18:23]} Rfe8 {[%clk 0:23:03]} 24. Qd3
{[%clk 0:16:57]} Rc4 {[%clk 0:20:49]} 25. g4 {[%clk 0:14:45]} g6 {[%clk 0:18:49]}
26. gxf5 {[%clk 0:12:50]} exf5 {[%clk 0:18:52]} 27. a3 {[%clk 0:08:04]} Qc7
{[%clk 0:16:25]} 28. Rc2 {[%clk 0:05:46]} Nb6 {[%clk 0:14:18]} 29. Rfc1
{[%clk 0:05:13]} Qe7 {[%clk 0:13:17]} 30. Ba2 {[%clk 0:03:49]} Rxc2
{[%clk 0:13:24]} 31. Rxc2 {[%clk 0:03:53]} Nc4 {[%clk 0:13:25]} 32. Nf3
{[%clk 0:02:24]} Ra8 {[%clk 0:10:46]} 33. Qc3 {[%clk 0:00:53]} Rc8
{[%clk 0:10:10]} 34. Qb3 {[%clk 0:00:48]} Ra8 {[%clk 0:08:49]} 35. Nd4
{[%clk 0:00:51]} Qh4 {[%clk 0:07:00]} 36. Rc3 {[%clk 0:00:48]} Qe1+
{[%clk 0:06:42]} 37. Kg2 {[%clk 0:01:04]} Nd2 {[%clk 0:06:19]} 38. Nf3
{[%clk 0:00:52]} Qf1+ {[%clk 0:06:27]} 0-1

[Event "MPJ_D16"]
[Site "?"]
[Date "2016.03.14"]
[Round "2.10"]
[White "Leczek, Weronika"]
[Black "Ossolinska, Matylda"]
[Result "1/2-1/2"]
[BlackElo "1613"]
[WhiteElo "1766"]
[LiveChessVersion "1.4.8"]

1. e4 {[%clk 1:30:55]} e6 {[%clk 1:30:41]} 2. Nf3 {[%clk 1:30:38]} d5
{[%clk 1:31:06]} 3. Nc3 {[%clk 1:30:55]} d4 {[%clk 1:31:30]} 4. Ne2
{[%clk 1:30:57]} c5 {[%clk 1:31:49]} 5. c3 {[%clk 1:30:34]} Nf6 {[%clk 1:30:45]}
6. e5 {[%clk 1:22:50]} Nfd7 {[%clk 1:24:27]} 7. cxd4 {[%clk 1:20:32]} cxd4
{[%clk 1:24:38]} 8. Nexd4 {[%clk 1:19:32]} Nxe5 {[%clk 1:18:45]} 9. Bb5+
{[%clk 1:11:52]} Ned7 {[%clk 1:16:06]} 10. O-O {[%clk 1:03:31]} Be7
{[%clk 1:09:01]} 11. Re1 {[%clk 0:55:03]} O-O {[%clk 1:03:34]} 12. d3
{[%clk 0:50:02]} a6 {[%clk 0:55:18]} 13. Bxd7 {[%clk 0:46:27]} Bxd7
{[%clk 0:51:34]} 14. Bf4 {[%clk 0:44:16]} Nc6 {[%clk 0:47:42]} 15. Rc1
{[%clk 0:39:04]} Bf6 {[%clk 0:43:15]} 16. Nxc6 {[%clk 0:36:08]} Bxc6
{[%clk 0:43:07]} 17. Ne5 {[%clk 0:35:02]} Bxe5 {[%clk 0:40:28]} 18. Bxe5
{[%clk 0:32:41]} Qg5 {[%clk 0:35:53]} 19. f3 {[%clk 0:28:01]} Rfd8
{[%clk 0:33:13]} 20. Qe2 {[%clk 0:24:11]} Bb5 {[%clk 0:27:35]} 21. Rc3
{[%clk 0:23:34]} Bc6 {[%clk 0:24:44]} 22. Qe3 {[%clk 0:18:05]} Qxe3+
{[%clk 0:23:32]} 23. Rxe3 {[%clk 0:18:29]} Rd7 {[%clk 0:22:51]} 24. Rc4
{[%clk 0:15:39]} f6 {[%clk 0:19:38]} 25. Bc3 {[%clk 0:14:17]} Kf7
{[%clk 0:18:36]} 26. Rd4 {[%clk 0:12:46]} Bd5 {[%clk 0:17:53]} 27. f4
{[%clk 0:11:19]} Bc6 {[%clk 0:16:34]} 28. Rxd7+ {[%clk 0:11:34]} Bxd7
{[%clk 0:17:00]} 29. Re4 {[%clk 0:10:27]} Rc8 {[%clk 0:15:17]} 30. Rd4
{[%clk 0:09:41]} Bc6 {[%clk 0:13:59]} 31. Kf2 {[%clk 0:09:49]} Bd5
{[%clk 0:12:06]} 32. a3 {[%clk 0:10:03]} f5 {[%clk 0:12:05]} 33. g3
{[%clk 0:09:57]} g6 {[%clk 0:11:51]} 34. Ke3 {[%clk 0:09:29]} h5 {[%clk 0:11:04]}
35. h4 {[%clk 0:08:50]} Rc7 {[%clk 0:10:40]} 36. Ke2 {[%clk 0:08:25]} Rc8
{[%clk 0:10:39]} 37. Kd2 {[%clk 0:08:20]} Ke8 {[%clk 0:10:06]} 38. Kd1
{[%clk 0:07:49]} Kf7 {[%clk 0:10:16]} 39. Kd2 {[%clk 0:08:11]} Ke8
{[%clk 0:10:40]} 40. Ke3 {[%clk 0:38:34]} Kf7 {[%clk 0:41:05]} 1/2-1/2

[Event "MPJ_D16"]
[Site "?"]
[Date "2016.03.14"]
[Round "2.11"]
[White "Zamarska, Sylwia"]
[Black "Cieslak, Wiktoria"]
[Result "1/2-1/2"]
[BlackElo "1904"]
[WhiteElo "1605"]
[LiveChessVersion "1.4.8"]

1. e4 {[%clk 1:30:56]} c5 {[%clk 1:30:53]} 2. Nf3 {[%clk 1:31:17]} d6
{[%clk 1:31:18]} 3. d4 {[%clk 1:31:29]} cxd4 {[%clk 1:31:15]} 4. Nxd4
{[%clk 1:31:41]} Nf6 {[%clk 1:31:36]} 5. Nc3 {[%clk 1:31:46]} a6 {[%clk 1:32:01]}
6. g3 {[%clk 1:31:21]} e5 {[%clk 1:28:01]} 7. Nb3 {[%clk 1:31:18]} Be6
{[%clk 1:27:52]} 8. Bg2 {[%clk 1:26:45]} Be7 {[%clk 1:26:08]} 9. a4
{[%clk 1:25:55]} Nbd7 {[%clk 1:25:01]} 10. O-O {[%clk 1:25:26]} O-O
{[%clk 1:25:15]} 11. Re1 {[%clk 1:24:50]} Rc8 {[%clk 1:24:02]} 12. Nd2
{[%clk 1:22:40]} Nb6 {[%clk 1:20:14]} 13. a5 {[%clk 1:09:57]} Nc4
{[%clk 1:13:07]} 14. Nb3 {[%clk 0:53:44]} Qc7 {[%clk 0:58:59]} 15. f4
{[%clk 0:43:18]} exf4 {[%clk 0:50:08]} 16. gxf4 {[%clk 0:43:16]} Rfe8
{[%clk 0:46:36]} 17. Bf1 {[%clk 0:33:10]} b5 {[%clk 0:41:19]} 18. Bxc4
{[%clk 0:24:09]} Bxc4 {[%clk 0:39:59]} 19. Be3 {[%clk 0:21:23]} b4
{[%clk 0:35:28]} 20. Bb6 {[%clk 0:17:02]} Qb7 {[%clk 0:34:10]} 21. Na2
{[%clk 0:14:18]} Nxe4 {[%clk 0:33:38]} 22. Qf3 {[%clk 0:12:40]} Bh4
{[%clk 0:33:50]} 23. Red1 {[%clk 0:10:25]} Re6 {[%clk 0:30:14]} 24. f5
{[%clk 0:09:27]} Be2 {[%clk 0:29:02]} 25. Qxe2 {[%clk 0:06:05]} Nf2
{[%clk 0:29:26]} 26. Qxf2 {[%clk 0:05:18]} Bxf2+ {[%clk 0:29:51]} 27. Bxf2
{[%clk 0:05:42]} Re5 {[%clk 0:29:04]} 28. Nd4 {[%clk 0:05:44]} g6
{[%clk 0:28:43]} 29. Nc1 {[%clk 0:05:02]} Qe4 {[%clk 0:24:23]} 30. Nd3
{[%clk 0:04:41]} Qg4+ {[%clk 0:24:36]} 31. Kh1 {[%clk 0:04:43]} Rxa5
{[%clk 0:24:33]} 32. Nxb4 {[%clk 0:04:21]} Rxa1 {[%clk 0:20:45]} 33. Rxa1
{[%clk 0:04:46]} Qe4+ {[%clk 0:16:00]} 34. Kg1 {[%clk 0:05:04]} Qg4+
{[%clk 0:16:23]} 35. Kh1 {[%clk 0:05:21]} Qf4 {[%clk 0:16:44]} 36. Nd3
{[%clk 0:03:16]} Qe4+ {[%clk 0:16:49]} 37. Kg1 {[%clk 0:03:27]} Rc4
{[%clk 0:16:06]} 38. Re1 {[%clk 0:03:08]} Qg4+ {[%clk 0:16:16]} 39. Kh1
{[%clk 0:02:58]} Rxd4 {[%clk 0:16:34]} 40. Bxd4 {[%clk 0:32:56]} Qxd4
{[%clk 0:46:58]} 41. fxg6 {[%clk 0:32:43]} hxg6 {[%clk 0:47:23]} 42. Kg2
{[%clk 0:30:35]} Qc4 {[%clk 0:47:07]} 43. Re2 {[%clk 0:30:19]} Kg7
{[%clk 0:46:47]} 44. b3 {[%clk 0:29:29]} Qg4+ {[%clk 0:44:09]} 45. Kf2
{[%clk 0:28:59]} Qd4+ {[%clk 0:44:06]} 46. Kg2 {[%clk 0:28:09]} f5
{[%clk 0:43:42]} 47. Rf2 {[%clk 0:26:26]} g5 {[%clk 0:43:20]} 48. h3
{[%clk 0:22:54]} Qe4+ {[%clk 0:43:04]} 49. Kh2 {[%clk 0:22:46]} Kg6
{[%clk 0:42:56]} 50. Kg1 {[%clk 0:21:47]} f4 {[%clk 0:40:23]} 51. h4
{[%clk 0:20:27]} f3 {[%clk 0:38:26]} 52. hxg5 {[%clk 0:20:04]} Kxg5
{[%clk 0:38:49]} 53. Kf1 {[%clk 0:20:10]} 1/2-1/2

[Event "MPJ_D16"]
[Site "?"]
[Date "2016.03.14"]
[Round "2.12"]
[White "Piwowarczyk, Julia"]
[Black "Ciesinska, Weronika"]
[Result "0-1"]
[BlackElo "1584"]
[WhiteElo "1903"]
[LiveChessVersion "1.4.8"]

1. e4 {[%clk 1:30:57]} c5 {[%clk 1:30:53]} 2. Nf3 {[%clk 1:31:18]} d6
{[%clk 1:31:16]} 3. d4 {[%clk 1:31:42]} cxd4 {[%clk 1:31:39]} 4. Nxd4
{[%clk 1:32:01]} Nf6 {[%clk 1:32:03]} 5. Nc3 {[%clk 1:31:59]} g6 {[%clk 1:32:30]}
6. Be2 {[%clk 1:32:14]} Bg7 {[%clk 1:32:52]} 7. Be3 {[%clk 1:32:19]} O-O
{[%clk 1:33:13]} 8. f3 {[%clk 1:32:28]} Nc6 {[%clk 1:33:33]} 9. Qd2
{[%clk 1:32:17]} Bd7 {[%clk 1:33:02]} 10. O-O-O {[%clk 1:32:17]} Rc8
{[%clk 1:27:38]} 11. Kb1 {[%clk 1:31:32]} Ne5 {[%clk 1:25:59]} 12. g4
{[%clk 1:27:29]} a6 {[%clk 1:22:58]} 13. h4 {[%clk 1:22:32]} b5 {[%clk 1:20:58]}
14. h5 {[%clk 1:19:30]} b4 {[%clk 1:07:38]} 15. Nd5 {[%clk 1:19:25]} Nxd5
{[%clk 0:58:06]} 16. exd5 {[%clk 1:19:22]} a5 {[%clk 0:57:50]} 17. hxg6
{[%clk 1:16:47]} fxg6 {[%clk 0:51:09]} 18. Bh6 {[%clk 1:02:35]} Bxh6
{[%clk 0:46:59]} 19. Qxh6 {[%clk 1:02:37]} Rf7 {[%clk 0:46:27]} 20. Ne6
{[%clk 0:56:31]} Bxe6 {[%clk 0:44:32]} 21. dxe6 {[%clk 0:56:39]} Rg7
{[%clk 0:44:43]} 22. Rdg1 {[%clk 0:56:13]} Qc7 {[%clk 0:38:36]} 23. Rc1
{[%clk 0:53:42]} Qc6 {[%clk 0:33:38]} 24. f4 {[%clk 0:50:00]} Nc4
{[%clk 0:30:56]} 25. Bd3 {[%clk 0:36:15]} Nd2+ {[%clk 0:25:43]} 26. Ka1
{[%clk 0:33:10]} b3 {[%clk 0:16:18]} 27. a3 {[%clk 0:26:21]} Qa4 {[%clk 0:08:56]}
28. f5 {[%clk 0:21:44]} Nc4 {[%clk 0:04:12]} 29. Bxc4 {[%clk 0:17:06]} Rxc4
{[%clk 0:04:33]} 30. fxg6 {[%clk 0:08:27]} Rxg4 {[%clk 0:03:08]} 31. gxh7+
{[%clk 0:07:34]} Kh8 {[%clk 0:03:26]} 32. Rcf1 {[%clk 0:07:26]} Qe8
{[%clk 0:03:28]} 33. cxb3 {[%clk 0:07:37]} R4g6 {[%clk 0:02:52]} 34. Qh5
{[%clk 0:07:33]} Qd8 {[%clk 0:02:11]} 35. Rf7 {[%clk 0:05:18]} Rxf7
{[%clk 0:01:25]} 36. exf7 {[%clk 0:04:10]} Rg7 {[%clk 0:01:44]} 37. Qxa5
{[%clk 0:02:05]} Qf8 {[%clk 0:02:13]} 38. b4 {[%clk 0:02:05]} Rxf7
{[%clk 0:02:31]} 39. Qh5 {[%clk 0:02:12]} Rf1+ {[%clk 0:02:14]} 40. Rxf1
{[%clk 0:32:18]} Qxf1+ {[%clk 0:32:39]} 41. Ka2 {[%clk 0:32:43]} Qc4+
{[%clk 0:32:57]} 42. Kb1 {[%clk 0:33:09]} Qe4+ {[%clk 0:32:16]} 43. Ka1
{[%clk 0:33:25]} d5 {[%clk 0:31:39]} 44. Qe8+ {[%clk 0:33:09]} Kxh7
{[%clk 0:32:02]} 45. Qc6 {[%clk 0:33:34]} Qe1+ {[%clk 0:31:06]} 46. Ka2
{[%clk 0:33:53]} d4 {[%clk 0:31:01]} 47. Qc2+ {[%clk 0:34:08]} Kh6
{[%clk 0:29:00]} 48. Qd3 {[%clk 0:34:32]} Qe3 {[%clk 0:28:33]} 49. Qf1
{[%clk 0:34:17]} d3 {[%clk 0:28:38]} 50. Qh1+ {[%clk 0:22:30]} Kg6
{[%clk 0:27:57]} 51. Qg2+ {[%clk 0:22:55]} Kf6 {[%clk 0:27:32]} 52. Qc6+
{[%clk 0:23:23]} e6 {[%clk 0:27:11]} 53. Qc3+ {[%clk 0:20:57]} e5
{[%clk 0:26:46]} 54. b5 {[%clk 0:21:03]} Qe2 {[%clk 0:25:21]} 55. Qc6+
{[%clk 0:15:59]} Kg5 {[%clk 0:24:44]} 56. Qc1+ {[%clk 0:15:25]} d2
{[%clk 0:24:46]} 57. Qg1+ {[%clk 0:15:52]} Kf5 {[%clk 0:24:19]} 58. Qb1+
{[%clk 0:16:18]} e4 {[%clk 0:24:25]} 59. Qg1 {[%clk 0:15:13]} d1=Q
{[%clk 0:24:12]} 60. Qc5+ {[%clk 0:15:00]} Kf4 {[%clk 0:21:15]} 61. Qf8+
{[%clk 0:14:23]} Kg3 {[%clk 0:21:07]} 62. Qg8+ {[%clk 0:14:50]} Qg4
{[%clk 0:20:54]} 63. Qb8+ {[%clk 0:15:15]} Kf3 {[%clk 0:20:27]} 64. Qf8+
{[%clk 0:15:36]} Ke2 {[%clk 0:20:02]} 65. b6 {[%clk 0:15:42]} Qc2 0-1

[Event "MPJ_D16"]
[Site "?"]
[Date "2016.03.14"]
[Round "2.13"]
[White "Kindler, Karolina"]
[Black "Kostecka, Marika"]
[Result "1-0"]
[BlackElo "1775"]
[WhiteElo "1597"]
[LiveChessVersion "1.4.8"]

1. Nf3 {[%clk 1:30:57]} c5 {[%clk 1:30:55]} 2. e3 {[%clk 1:31:16]} Nc6
{[%clk 1:31:15]} 3. b3 {[%clk 1:31:39]} d6 {[%clk 1:31:38]} 4. Bb2
{[%clk 1:32:02]} e5 {[%clk 1:32:01]} 5. d3 {[%clk 1:32:11]} Nge7 {[%clk 1:32:13]}
6. Nbd2 {[%clk 1:32:26]} g6 {[%clk 1:32:13]} 7. c4 {[%clk 1:31:20]} Bg7
{[%clk 1:32:23]} 8. Be2 {[%clk 1:31:00]} O-O {[%clk 1:31:10]} 9. Qc2
{[%clk 1:28:12]} a6 {[%clk 1:29:13]} 10. O-O {[%clk 1:23:20]} Rb8
{[%clk 1:24:28]} 11. a3 {[%clk 1:21:24]} b5 {[%clk 1:21:07]} 12. Rac1
{[%clk 1:19:40]} Qb6 {[%clk 1:13:07]} 13. Bc3 {[%clk 1:05:55]} b4
{[%clk 1:05:35]} 14. axb4 {[%clk 1:03:48]} Nxb4 {[%clk 1:05:57]} 15. Qb2
{[%clk 1:03:41]} Nec6 {[%clk 1:03:47]} 16. Ng5 {[%clk 0:59:00]} d5
{[%clk 0:58:17]} 17. cxd5 {[%clk 0:57:08]} Nxd5 {[%clk 0:58:29]} 18. Nge4
{[%clk 0:56:45]} Rd8 {[%clk 0:51:11]} 19. Rb1 {[%clk 0:49:19]} f5
{[%clk 0:44:27]} 20. Nc4 {[%clk 0:43:39]} Qa7 {[%clk 0:44:25]} 21. Nxe5
{[%clk 0:15:31]} Nxc3 {[%clk 0:12:44]} 22. Nxc6 {[%clk 0:15:06]} Nxe4
{[%clk 0:12:51]} 23. Nxa7 {[%clk 0:11:59]} Bxb2 {[%clk 0:12:54]} 24. Rxb2
{[%clk 0:11:42]} Bb7 {[%clk 0:09:47]} 25. dxe4 {[%clk 0:11:42]} Bxe4
{[%clk 0:08:50]} 26. Bxa6 {[%clk 0:11:39]} Ra8 {[%clk 0:09:14]} 27. Bc4+
{[%clk 0:12:01]} 1-0